Nagymad - a hely, amely összeköt

Bibliographic Details
Other Authors: Bartalos, Nikolas (Interviewer)
Format: Article
Language:Hungarian
PhysicalDescription:Fotografie
ISSN:1336-3638
Subjects:

MARC

LEADER 00000nab a2200000 4500
001 vtls012145448
003 SK-MaSNL
005 20260318140519.0
008 220804|2022 xo |||| || ||00 0|hun
015 |a SNBRB2022/07 
040 |a DSZK  |b slo  |c DSZK  |e rda 
041 |a hun 
043 |a e-xo--- 
044 |a xo  |c SK 
072 7 |a 71  |x Územné plánovanie. Urbanizmus. Pamiatková starostlivosť  |2 konspekt 
080 |a 711.437  |2 2011 
100 1 |a Bartalos, Nikolas  |4 ivr  |9 374761 
245 1 0 |a Nagymad - a hely, amely összeköt  |c Bartalos Nikolas 
300 |b Fotografie 
336 |a text  |b txt  |2 rdacontent 
337 |a bez média  |b n  |2 rdamedia 
338 |a zväzok  |b nc  |2 rdacarrier 
600 1 7 |a László, Gábor  |2 dszk  |9 1088754 
650 0 7 |a rozvoj obcí  |2 SNKPH  |9 74207 
651 7 |a Mad (Slovensko)  |2 SNKPHgeo  |9 160819 
700 1 |a László, Gábor  |4 ive  |9 1088754 
773 0 |t Csallóköz  |g Évf. 61, sz. 29 (2022), o. 10-13  |x 1336-3638 
852 |a DSZK  |b KIS3GCP 
958 |a SK 
958 |a HU 
958 |a RG 
999 |c 1834549  |d 1836479